Podnikateľský plán v podmienkach ekonomicko-finančnej krízy diplomová práca

Enregistré dans:
Détails bibliographiques
Auteur principal: Henesová, Eva
Collectivité auteur: Fakulta podnikového manažmentu EU. Katedra manažmentu
Autres auteurs: Marsina, Štefan
Format: Livre
Langue:slovaque
Publié: Bratislava 2014
Tags: Ajouter un tag
Pas de tags, Soyez le premier à ajouter un tag!

MARC

LEADER 00000nbm a2200000 4500
001 0187842
005 20170201091416.6
041 0 |a slo 
044 |a SK 
245 1 0 |a Podnikateľský plán v podmienkach ekonomicko-finančnej krízy  |b diplomová práca  |c Eva Henesová ; školiteľ: Štefan Marsina 
264 1 |a Bratislava  |c 2014 
300 |a 52 s. 
100 1 |a Henesová, Eva 
700 1 |a Marsina, Štefan 
710 2 |a Fakulta podnikového manažmentu EU. Katedra manažmentu